000
00212 a2200097 4500
001
8411
100
_a
Quilleic, couch
245
_a
The oxford book of English prose
260
_a
_b
Faber
_c
090
_c
6781
_d
6781
942
_a
NUST-CAE
_c
M
_c
33357
999
_c
243484
_d
243484